[Event "XXVII Torneo San Viator - Memorial Pepe"]
[Site "Colegio San Viator. Plaza Fer"]
[Date "2016.11.06"]
[Round "7.2"]
[White "Fernandez Estremera, Fernando"]
[Black "Fernandez Garcia, Emilio"]
[Result "1-0"]
[WhiteElo "1652"]
[BlackElo "1614"]
[PlyCount "66"]
[EventDate "2016.09.25"]
[EventRounds "9"]
[EventCountry "ESP"]

1. d4 d5 2. c4 c6 3. Nc3 dxc4 4. e3 b5 5. a4 b4 6. Ne4 a5 7. Bxc4 Ba6 8. Bxa6
Nxa6 9. Qc2 Qd5 10. Nf3 b3 11. Qb1 Nb4 12. O-O Nc2 13. Nc3 Qh5 14. Bd2 e6 15.
Ne4 Be7 16. Qc1 Nf6 17. Ng3 Qd5 18. Rb1 O-O 19. Ne1 Nb4 20. Qd1 Rab8 21. Rc1
Rfc8 22. Bxb4 Rxb4 23. Nd3 Rxa4 24. Nc5 Ra2 25. e4 Nxe4 26. Ngxe4 Rxb2 27. Nc3
Qc4 28. N3a4 Rc2 29. Nxb3 Rxc1 30. Nxc1 Bf6 31. Nb6 Qa6 32. Nxc8 Qxc8 33. Qa4
c5 1-0

[Event "XXVII Torneo San Viator - Memorial Pepe"]
[Site "Colegio San Viator. Plaza Fer"]
[Date "2016.11.06"]
[Round "7.3"]
[White "Lopez Benitez, David"]
[Black "Perez Sempere, Alberto"]
[Result "1-0"]
[WhiteElo "1679"]
[BlackElo "1748"]
[PlyCount "108"]
[EventDate "2016.09.25"]
[EventRounds "9"]
[EventCountry "ESP"]

1. Nf3 c5 2. g3 Nc6 3. Bg2 g6 4. d3 d5 5. c4 dxc4 6. Qa4 Qa5+ 7. Qxa5 Nxa5 8.
Ne5 Bg7 9. Nxc4 Nxc4 10. dxc4 Rb8 11. Nd2 b6 12. Rb1 f5 13. b3 Nh6 14. O-O O-O
15. Bb2 Bb7 16. Nf3 Nf7 17. Bxg7 Kxg7 18. Rfd1 Rfd8 19. Ne1 Bxg2 20. Kxg2 e5
21. Nc2 Nd6 22. f3 Ne8 23. Ne3 Nf6 24. Rxd8 Rxd8 25. Rd1 Rd4 26. Kf2 f4 27.
gxf4 exf4 28. Rxd4 fxe3+ 29. Kxe3 cxd4+ 30. Kxd4 Nd7 31. b4 Kf6 32. a4 Ke6 33.
h4 Ne5 34. c5 Nc6+ 35. Kc4 bxc5 36. Kxc5 Nb8 37. a5 h6 38. b5 Kd7 39. f4 Kc7
40. e4 Nd7+ 41. Kd5 Nf6+ 42. Ke5 Nd7+ 43. Kd5 Nf6+ 44. Kd4 Nd7 45. e5 Nf8 46.
Kd5 Nd7 47. Ke6 Nc5+ 48. Kf6 Nd3 49. f5 g5 50. hxg5 hxg5 51. e6 g4 52. b6+ axb6
53. axb6+ Kxb6 54. e7 Nc5 1-0

[Event "XXVII Torneo San Viator - Memorial Pepe"]
[Site "Colegio San Viator. Plaza Fer"]
[Date "2016.11.06"]
[Round "7.4"]
[White "Mora Marin, Guillermo"]
[Black "Rodriguez Nieto, Miguel"]
[Result "1-0"]
[WhiteElo "1620"]
[BlackElo "1749"]
[PlyCount "73"]
[EventDate "2016.09.25"]
[EventRounds "9"]
[EventCountry "ESP"]

1. d4 d5 2. c4 e6 3. Nc3 Nf6 4. e3 Nbd7 5. Nf3 c6 6. Bd3 dxc4 7. Bxc4 b5 8. Bd3
Bb7 9. O-O Bd6 10. h3 Rc8 11. a3 Bb8 12. b4 Nd5 13. Ne4 Qc7 14. Bb2 O-O 15. Rc1
Qd8 16. Qc2 h6 17. Rfd1 Re8 18. Qb1 e5 19. Nc5 Ba8 20. Nxd7 Qxd7 21. Nxe5 Qe7
22. Nf3 Red8 23. Re1 Rd6 24. Rc5 a6 25. Re2 Ba7 26. Rc1 Bb8 27. Ne5 Rf6 28. Ng4
Rd6 29. Rce1 Rdd8 30. Ne5 Bxe5 31. dxe5 Qg5 32. f4 Qh4 33. Bd4 Nxf4 34. exf4
Rxd4 35. e6 f6 36. e7 Rxf4 37. Bg6 1-0

[Event "XXVII Torneo San Viator - Memorial Pepe"]
[Site "Colegio San Viator. Plaza Fer"]
[Date "2016.11.06"]
[Round "7.5"]
[White "Jimenez Alvaro, Angel"]
[Black "Arevalo Estriegana, Jorge"]
[Result "1/2-1/2"]
[WhiteElo "1743"]
[BlackElo "1273"]
[PlyCount "60"]
[EventDate "2016.09.25"]
[EventRounds "9"]
[EventCountry "ESP"]

1. d4 c5 2. d5 d6 3. c4 e6 4. e4 e5 5. Nc3 Nf6 6. Nf3 Bg4 7. Be2 Be7 8. O-O O-O
9. Be3 Na6 10. Nd2 Bxe2 11. Qxe2 Nc7 12. f4 Nd7 13. fxe5 Nxe5 14. Nf3 Bf6 15.
Rac1 Rb8 16. Bf4 Ng6 17. Bg3 Re8 18. Rf2 Qe7 19. Nd2 Bd4 20. Kh1 Bxf2 21. Qxf2
Rbd8 22. Rf1 Rf8 23. Nd1 Ne8 24. Ne3 Qf6 25. Nf3 Qe7 26. Nd2 Rd7 27. Nf5 Qd8
28. Nf3 Qa5 29. b3 b5 30. e5 dxe5 1/2-1/2

[Event "XXVII Torneo San Viator - Memorial Pepe"]
[Site "Colegio San Viator. Plaza Fer"]
[Date "2016.11.06"]
[Round "7.6"]
[White "Estevez Sacristan, Deva"]
[Black "Navarro Gonzalez, Jaime"]
[Result "1-0"]
[WhiteElo "1600"]
[BlackElo "1733"]
[PlyCount "126"]
[EventDate "2016.09.25"]
[EventRounds "9"]
[EventCountry "ESP"]

1. e4 c5 2. Nf3 d6 3. d4 cxd4 4. Nxd4 Nf6 5. Nc3 a6 6. g3 b5 7. Bg2 Bb7 8. Qd3
e6 9. O-O Be7 10. h3 Qc7 11. f4 Nbd7 12. g4 Nc5 13. Qe2 b4 14. g5 bxc3 15. gxf6
Bxf6 16. bxc3 Na4 17. e5 Nxc3 18. Qd2 Bxg2 19. Qxg2 Qa7 20. Qc6+ Ke7 21. exf6+
gxf6 22. Qxc3 Rhg8+ 23. Kh1 Qb7+ 24. Qc6 Qxc6+ 25. Nxc6+ Kd7 26. Nd4 Rac8 27.
Rf2 Rg3 28. Kh2 Rcc3 29. Ne2 Rxh3+ 30. Kg2 Ra3 31. Bxa3 Rxa3 32. Rf3 Ra5 33.
Rh3 h5 34. Rb3 e5 35. fxe5 fxe5 36. Rb7+ Ke6 37. Nc3 Rc5 38. Rb3 d5 39. Rc1 e4
40. Kf2 f5 41. Ne2 Ke5 42. Kg3 Rc8 43. Kh4 f4 44. Rf1 f3 45. Ng3 Rxc2 46. Kh3
Kd4 47. Rd1+ Kc4 48. Nf5 Rxa2 49. Rbb1 Ra3 50. Rbc1+ Kb4 51. Rxd5 f2+ 52. Kg2
e3 53. Kf1 a5 54. Rdc5 Rd3 55. Nxe3 Rxe3 56. Kxf2 Rh3 57. Rg5 h4 58. Rcc5 Rh2+
59. Kg1 Ra2 60. Rb5+ Kc4 61. Rxa5 Rd2 62. Ra4+ Kc3 63. Rxh4 Rd1+ 1-0

[Event "XXVII Torneo San Viator - Memorial Pepe"]
[Site "Colegio San Viator. Plaza Fer"]
[Date "2016.11.06"]
[Round "7.7"]
[White "San Felipe Gonzalez, Tomas"]
[Black "Garcia Rojas, Juan Carlos"]
[Result "1-0"]
[WhiteElo "1712"]
[BlackElo "1514"]
[PlyCount "138"]
[EventDate "2016.09.25"]
[EventRounds "9"]
[EventCountry "ESP"]

1. d4 d5 2. c4 c6 3. cxd5 cxd5 4. Nc3 e6 5. Bf4 Nc6 6. e3 a6 7. Bd3 Nf6 8. Rc1
Qb6 9. Qe2 Bd7 10. Nf3 Rc8 11. a3 Be7 12. O-O O-O 13. Bg5 Qd8 14. Rc2 Na5 15.
Ne5 Be8 16. Qf3 Nc6 17. Qh3 Ne4 18. Bxe7 Qxe7 19. Nxe4 dxe4 20. Bxe4 f5 21. Bd3
Nxe5 22. dxe5 Rd8 23. e4 Rxd3 24. Qxd3 Bb5 25. Qd6 Qf7 26. Rc7 Qh5 27. Qxe6+
Kh8 28. Rc8 Be8 29. exf5 h6 30. Qe7 Rg8 31. f6 gxf6 32. Qxf6+ Rg7 33. Rxe8+
Qxe8 34. Rd1 Kh7 35. Qf5+ Kh8 36. Rc1 Rd7 37. f4 Qd8 38. Qf6+ Qxf6 39. exf6 Kg8
40. Re1 Rd6 41. Re8+ Kf7 42. Re7+ Kxf6 43. Rxb7 Kf5 44. g3 Kg4 45. Re7 Kf3 46.
Re1 Rd2 47. Rf1+ Kg4 48. Rf2 Rd6 49. Kg2 h5 50. Re2 h4 51. h3+ Kf5 52. Re5+ Kf6
53. gxh4 Rd2+ 54. Kf3 Rxb2 55. Ra5 Rb3+ 56. Kg4 Rb6 57. h5 Kg7 58. Rg5+ Kh7 59.
Rg6 Rxg6+ 60. hxg6+ Kxg6 61. h4 a5 62. h5+ Kh6 63. a4 Kg7 64. Kf5 Kf7 65. h6
Kg8 66. Ke6 Kh7 67. f5 Kxh6 68. f6 Kg6 69. f7 Kg7 1-0

[Event "XXVII Torneo San Viator - Memorial Pepe"]
[Site "Colegio San Viator. Plaza Fer"]
[Date "2016.11.06"]
[Round "7.8"]
[White "Santos Burkholz, Mario"]
[Black "Franco Rincon, David"]
[Result "1-0"]
[WhiteElo "1471"]
[BlackElo "1728"]
[PlyCount "191"]
[EventDate "2016.09.25"]
[EventRounds "9"]
[EventCountry "ESP"]

1. e4 e5 2. Nf3 Nc6 3. Bb5 d6 4. c3 Bd7 5. O-O Nf6 6. Re1 Be7 7. d4 exd4 8.
cxd4 O-O 9. h3 h6 10. Nc3 Re8 11. Bf4 a6 12. Ba4 b5 13. Bc2 Bf8 14. Qd2 Ne7 15.
Rad1 Bc6 16. b4 Bb7 17. Rc1 Ng6 18. Bg3 Qd7 19. Nh4 Ne7 20. Nf3 Rad8 21. Bb3
Ng6 22. Bc2 c5 23. a3 c4 24. Rcd1 Nh5 25. Bh2 Nf6 26. Bg3 Qc8 27. Qc1 Qa8 28.
d5 Nd7 29. Nd4 Be7 30. Nf5 Nf6 31. Ne2 Bc8 32. Ned4 Bxf5 33. Nxf5 Bf8 34. Nd4
Rc8 35. Qd2 Nd7 36. Nf5 Qb8 37. Nd4 Qb6 38. Kh1 Qd8 39. Qe3 Ne7 40. Qe2 Nxd5
41. Qf3 N5f6 42. Nf5 Ne5 43. Bxe5 Rxe5 44. Qg3 Nh5 45. Qg4 Qg5 46. Qxg5 hxg5
47. Nxd6 Rc6 48. Nf5 Nf6 49. f3 Nh5 50. Kh2 Nf4 51. g3 Ng6 52. Ne3 Re8 53. Nd5
Rd6 54. Nc7 Red8 55. Nd5 Ne7 56. Nc7 Rd2+ 57. Kg1 Ng6 58. Kf1 Ne5 59. Rxd2 Rxd2
60. Re2 Rd6 61. Kf2 f6 62. Nd5 Kf7 63. Ke3 Ke6 64. f4 gxf4+ 65. gxf4 Nc6 66.
Rd2 Kf7 67. Bd1 a5 68. bxa5 Nxa5 69. Nc7 Rb6 70. Rb2 Bxa3 71. Rxb5 Rxb5 72.
Nxb5 Bc1+ 73. Kd4 Bxf4 74. Be2 Be5+ 75. Ke3 c3 76. Kd3 Ke6 77. Bg4+ Kf7 78.
Nxc3 Bxc3 79. Kxc3 Nc6 80. Kd2 Kg6 81. Ke3 Kg5 82. Bd7 Ne5 83. Be6 Ng6 84. Kf3
Nf4 85. h4+ Kxh4 86. Kxf4 Kh5 87. Bf7+ Kh6 88. Kf5 Kh7 89. Bg6+ Kh6 90. Be8 Kh7
91. Kg4 Kh6 92. Kh4 Kh7 93. Kh5 Kg8 94. Kg6 Kh8 95. Bf7 f5 96. Kxf5 1-0

[Event "XXVII Torneo San Viator - Memorial Pepe"]
[Site "Colegio San Viator. Plaza Fer"]
[Date "2016.11.06"]
[Round "7.9"]
[White "Marcelo De La Mata, Daniel"]
[Black "Alcojor Patilla, Antonio"]
[Result "0-1"]
[WhiteElo "1661"]
[BlackElo "1521"]
[PlyCount "120"]
[EventDate "2016.09.25"]
[EventRounds "9"]
[EventCountry "ESP"]

1. c4 d6 2. g3 Nf6 3. Nc3 g6 4. Bg2 Bg7 5. e3 O-O 6. Nge2 c5 7. O-O Nc6 8. a3
Qd7 9. Rb1 b6 10. d4 Rb8 11. Qa4 Na5 12. Qxd7 Nxd7 13. b3 Bb7 14. Bd2 Nc6 15.
d5 Nce5 16. f4 Ng4 17. h3 Ngf6 18. Bf3 a6 19. Kg2 b5 20. cxb5 axb5 21. Nxb5
Bxd5 22. a4 Ne4 23. Ba5 f5 24. Rfd1 Ndf6 25. g4 fxg4 26. hxg4 Nxg4 27. Bxg4
Nd2+ 28. Kh2 Nxb1 29. Rxd5 h5 30. Be6+ Kh7 31. Rd1 Rf6 32. Bd5 e6 33. Bg2 Na3
34. Bc7 Rc8 35. Bxd6 Nc2 36. e4 Ne3 37. e5 Rf5 38. Rc1 c4 39. bxc4 Nxc4 40. Bh3
Nxd6 41. Nxd6 Rxc1 42. Nxf5 Ra1 43. Ned4 exf5 44. Ne6 Rxa4 45. Kg3 Ra6 46. Ng5+
Kg8 47. Bg2 Ra5 48. e6 Bf6 49. Bb7 Ra7 50. Bd5 Kf8 51. Nf3 h4+ 52. Nxh4 Ra3+
53. Nf3 Ke7 54. Kf2 Kd6 55. Bc4 Rc3 56. Nd2 Rc2 57. Ke3 g5 58. Bb3 gxf4+ 59.
Ke2 f3+ 60. Ke3 Bg5+ 0-1

[Event "XXVII Torneo San Viator - Memorial Pepe"]
[Site "Colegio San Viator. Plaza Fer"]
[Date "2016.11.06"]
[Round "7.10"]
[White "Castro Uceda, Jose Antonio"]
[Black "Mateos Cordero, Francisco"]
[Result "0-1"]
[WhiteElo "1532"]
[BlackElo "1637"]
[PlyCount "78"]
[EventDate "2016.09.25"]
[EventRounds "9"]
[EventCountry "ESP"]

1. e4 c5 2. Nf3 e6 3. d4 cxd4 4. Nxd4 a6 5. c4 Qc7 6. Bd3 Ne7 7. Nc3 Nbc6 8.
Nxc6 Nxc6 9. Bc2 Bb4 10. O-O Bxc3 11. bxc3 O-O 12. Qg4 Ne7 13. Bd3 d6 14. Qg3
e5 15. f4 f5 16. Qh4 Ng6 17. Qg3 fxe4 18. Bxe4 Qxc4 19. Qd3 Qxd3 20. Bxd3 Nxf4
21. Bc4+ Be6 22. Bxe6+ Nxe6 23. Rd1 Rfd8 24. Ba3 d5 25. Re1 e4 26. Rad1 b6 27.
Kf2 Nc5 28. Re3 Rac8 29. Kf1 a5 30. Rg3 Na4 31. Be7 Rd7 32. Bf6 Rf7 33. Rxg7+
Rxg7 34. Bxg7 Kxg7 35. Rxd5 Nxc3 36. Rd7+ Kg8 37. a3 Rc6 38. Re7 Nb1 39. Rxe4
Nd2+ 0-1

[Event "XXVII Torneo San Viator - Memorial Pepe"]
[Site "Colegio San Viator. Plaza Fer"]
[Date "2016.11.06"]
[Round "7.12"]
[White "Fogue Angelina, Hugo"]
[Black "Cortijo Manso, Luis"]
[Result "1/2-1/2"]
[WhiteElo "1583"]
[BlackElo "1504"]
[PlyCount "91"]
[EventDate "2016.09.25"]
[EventRounds "9"]
[EventCountry "ESP"]

1. e4 e6 2. d4 d5 3. Nc3 Nf6 4. e5 Nfd7 5. f4 c5 6. Nf3 cxd4 7. Nxd4 a6 8. Bd3
Nc6 9. Nce2 Nb4 10. c3 Nxd3+ 11. Qxd3 Nc5 12. Qc2 Be7 13. O-O O-O 14. Rf3 f6
15. Rh3 Ne4 16. Ng3 f5 17. Qe2 Qe8 18. c4 Bc5 19. Be3 Bxd4 20. Bxd4 dxc4 21.
Nxe4 fxe4 22. Qxe4 g6 23. Bc5 Rf7 24. Qxc4 b5 25. Qb4 Bb7 26. Qd2 Qc6 27. Rc3
Rxf4 28. Bd6 Rc4 29. Rac1 Qd5 30. Qxd5 Bxd5 31. b3 Rxc3 32. Rxc3 h5 33. g3 Kh7
34. a3 Kh6 35. h4 g5 36. hxg5+ Kxg5 37. b4 Bc4 38. Kf2 a5 39. bxa5 Rxa5 40. Bb4
Ra7 41. Bd6 Rf7+ 42. Rf3 Rf5 43. Ke3 Rxf3+ 44. Kxf3 Bd5+ 45. Kf2 Kg4 46. Bc7
1/2-1/2

[Event "XXVII Torneo San Viator - Memorial Pepe"]
[Site "Colegio San Viator. Plaza Fer"]
[Date "2016.11.06"]
[Round "7.13"]
[White "Horcajuelo Rocamora, Martin"]
[Black "Cabello Rodriguez, Raul"]
[Result "0-1"]
[WhiteElo "1326"]
[BlackElo "1571"]
[PlyCount "96"]
[EventDate "2016.09.25"]
[EventRounds "9"]
[EventCountry "ESP"]

1. d4 d5 2. Nf3 Nf6 3. e3 e6 4. Bd3 Nbd7 5. O-O Bd6 6. b3 O-O 7. Bb2 c6 8. Nbd2
Qc7 9. Rc1 Re8 10. c4 e5 11. e4 dxe4 12. Nxe4 exd4 13. Nxf6+ Nxf6 14. Bxd4 Ng4
15. g3 c5 16. Bb2 Qc6 17. h3 Ne5 18. Nxe5 Bxe5 19. Bxe5 Rxe5 20. Kh2 b6 21. Rg1
Qh6 22. h4 Rh5 23. Kg2 Bb7+ 24. Kf1 Re8 25. Rc2 Rhe5 26. Re2 Qh5 27. g4 Qxh4
28. Rxe5 Qh3+ 29. Ke1 Rxe5+ 30. Be2 Qc3+ 31. Kf1 Qh3+ 32. Ke1 Qh4 33. Qd7 Qe7
34. Qxe7 Rxe7 35. Rg3 g6 36. Kd2 Kg7 37. f4 f6 38. Re3 Rxe3 39. Kxe3 f5 40. g5
h6 41. Bf3 Bxf3 42. Kxf3 hxg5 43. fxg5 Kf7 44. Kg3 Ke6 45. Kf4 Kd6 46. Kf3 Ke5
47. Ke3 f4+ 48. Kf2 Kf5 0-1

[Event "XXVII Torneo San Viator - Memorial Pepe"]
[Site "Colegio San Viator. Plaza Fer"]
[Date "2016.11.06"]
[Round "7.15"]
[White "Garcia Taheno, Juan"]
[Black "Sanchez Ortega, Ivan"]
[Result "0-1"]
[WhiteElo "1448"]
[BlackElo "1673"]
[PlyCount "73"]
[EventDate "2016.09.25"]
[EventRounds "9"]
[EventCountry "ESP"]

1. d4 d5 2. Nf3 Nf6 3. Bf4 Bf5 4. e3 e6 5. a3 Bd6 6. Bg3 O-O 7. Bd3 Bg4 8. Nbd2
b6 9. c3 c5 10. Bxd6 Qxd6 11. O-O Nbd7 12. Be2 c4 13. Nh4 Bxe2 14. Qxe2 h6 15.
g3 Nh7 16. Ng2 f5 17. f4 Nhf6 18. Nh4 b5 19. Nhf3 a5 20. Rfd1 b4 21. axb4 axb4
22. Qf1 b3 23. Rxa8 Rxa8 24. Ra1 Qc6 25. h3 Ra4 26. Rxa4 Qxa4 27. Qb1 Qa2 28.
Kg2 Nb6 29. g4 Qxb1 30. Nxb1 fxg4 31. Ne5 gxh3+ 32. Kxh3 Na4 33. Nc6 Nxb2 34.
Kg3 Ne4+ 35. Kf3 Nd1 36. Ke2 Ndxc3+ 37. Nxc3 0-1

[Event "XXVII Torneo San Viator - Memorial Pepe"]
[Site "Colegio San Viator. Plaza Fer"]
[Date "2016.11.06"]
[Round "7.16"]
[White "Tudela Garcia, Antonio"]
[Black "Pastor Martinez, Mario"]
[Result "1/2-1/2"]
[WhiteElo "1648"]
[BlackElo "1475"]
[PlyCount "48"]
[EventDate "2016.09.25"]
[EventRounds "9"]
[EventCountry "ESP"]

1. e4 e6 2. Qe2 Nc6 3. Nf3 Bc5 4. c3 d5 5. d4 Bb6 6. e5 h6 7. Qc2 Na5 8. b4 Nc6
9. a4 a5 10. b5 Nb8 11. Ba3 c6 12. Nbd2 Nd7 13. Nb3 Ne7 14. Bd3 O-O 15. O-O Re8
16. Rfe1 Ba7 17. Rab1 cxb5 18. Bxb5 b6 19. Qd3 Bb7 20. Nc1 Rc8 21. Ne2 Nf5 22.
Ng3 Bc6 23. Bxc6 Rxc6 24. Nxf5 exf5 1/2-1/2

[Event "XXVII Torneo San Viator - Memorial Pepe"]
[Site "Colegio San Viator. Plaza Fer"]
[Date "2016.11.06"]
[Round "7.17"]
[White "Benitez Cadenas, Luis Miguel"]
[Black "Carnero Barbulo, Daniel"]
[Result "0-1"]
[WhiteElo "1645"]
[BlackElo "1325"]
[PlyCount "80"]
[EventDate "2016.09.25"]
[EventRounds "9"]
[EventCountry "ESP"]

1. d4 Nf6 2. Nf3 g6 3. g3 Bg7 4. Bg2 O-O 5. O-O d5 6. c4 dxc4 7. Qc2 Nc6 8.
Qxc4 Be6 9. Qd3 Nb4 10. Qd2 Qd6 11. a3 Nbd5 12. Nc3 c5 13. e3 a5 14. Qe2 a4 15.
Nb5 Qa6 16. dxc5 Bd7 17. Nfd4 e5 18. Bxd5 Nxd5 19. Qf3 exd4 20. Nd6 Bh3 21. Re1
Qc6 22. exd4 Bxd4 23. Bh6 Rfd8 24. Qxf7+ Kh8 25. Rad1 Nf4 26. Ne4 Rd7 27. Qxf4
Bxb2 28. Rxd7 Qxd7 29. Nd6 Be6 30. Rb1 Bg7 31. Rxb7 Bxh6 32. Qf6+ Bg7 33. Nf7+
Kg8 34. Rxd7 Bxf6 35. Rd6 Kxf7 36. f4 Be7 37. Rc6 Rc8 38. Ra6 Bxc5+ 39. Kg2
Bd5+ 40. Kh3 Ra8 0-1

[Event "XXVII Torneo San Viator - Memorial Pepe"]
[Site "Colegio San Viator. Plaza Fer"]
[Date "2016.11.06"]
[Round "7.18"]
[White "Ramos Antona, Enrique"]
[Black "Sanchez Sanchez, Cesar"]
[Result "1-0"]
[WhiteElo "1613"]
[BlackElo "1437"]
[PlyCount "70"]
[EventDate "2016.09.25"]
[EventRounds "9"]
[EventCountry "ESP"]

1. d4 f5 2. g3 Nf6 3. Bg2 d5 4. Nf3 e6 5. Bf4 Bd6 6. Bxd6 Qxd6 7. O-O O-O 8.
Na3 c6 9. c4 Qd8 10. e3 Bd7 11. Ne5 Be8 12. cxd5 exd5 13. b4 Nbd7 14. Nd3 Ne4
15. Nf4 Rf6 16. Qc2 Nf8 17. f3 Ng5 18. Qd3 a6 19. Nb1 Nge6 20. Ne2 Nd7 21. Nec3
Bg6 22. Nd2 Qc7 23. f4 Bh5 24. Nd1 Nd8 25. Nf2 Nf7 26. Nf3 Bxf3 27. Bxf3 Nd6
28. g4 Qd8 29. Kh1 Qe7 30. Rae1 Nb6 31. gxf5 Nxf5 32. Ng4 Rf7 33. Ne5 Rf6 34.
e4 dxe4 35. Bxe4 g6 1-0

[Event "XXVII Torneo San Viator - Memorial Pepe"]
[Site "Colegio San Viator. Plaza Fer"]
[Date "2016.11.06"]
[Round "7.19"]
[White "Aparicio Iriso, Miguel"]
[Black "Del Rio Perezagua, Mario"]
[Result "1/2-1/2"]
[WhiteElo "1325"]
[BlackElo "1600"]
[PlyCount "56"]
[EventDate "2016.09.25"]
[EventRounds "9"]
[EventCountry "ESP"]

1. d4 Nf6 2. c4 g6 3. Nc3 Bg7 4. e4 d6 5. f4 O-O 6. Nf3 c5 7. d5 e6 8. Bd3 exd5
9. cxd5 Nbd7 10. O-O a6 11. a4 Qc7 12. Bd2 c4 13. Bc2 Rb8 14. Rb1 b5 15. b4 Ng4
16. Kh1 Qb6 17. Qe1 Re8 18. h3 Ngf6 19. a5 Qd8 20. Qf2 Re7 21. Nd4 Bb7 22. Rbe1
Qe8 23. Re2 Qf8 24. Nc6 Rbe8 25. Nxe7+ Rxe7 26. Rfe1 Qe8 27. Qa7 Bc8 28. Qf2
Bb7 1/2-1/2

[Event "27. Torneo San Viator 2016 - Troneo B"]
[Site "Madrid ESP"]
[Date "2016.11.06"]
[Round "7.20"]
[White "Blanco Martin, Oscar"]
[Black "Alameda Arellano, Cristeto"]
[Result "1/2-1/2"]
[WhiteElo "1315"]
[BlackElo "1550"]
[PlyCount "62"]
[EventDate "2016.09.25"]
[EventType "swiss"]
[EventRounds "9"]
[EventCountry "ESP"]
[Source "lmi"]
[SourceDate "2016.09.25"]

1. Nf3 d5 2. d4 c6 3. c4 Nf6 4. Nc3 dxc4 5. e3 b5 6. a4 Qb6 7. b3 Qa5 8. Bd2 b4
9. Ne2 c3 10. Bc1 Bb7 11. Ng3 Nbd7 12. Bd3 e6 13. Qc2 Bd6 14. O-O h5 15. Ne2
O-O-O 16. e4 e5 17. Ng5 Rdf8 18. Bc4 exd4 19. Nxf7 Qc7 20. Nxh8 Bxh2+ 21. Kh1
Rxh8 22. Nxd4 Ne5 23. Qe2 Nxc4 24. Qxc4 a5 25. Qe6+ Kb8 26. Qh3 Be5 27. Ne6 Qe7
28. Bf4 Bxf4 29. Nxf4 Qxe4 30. Qf3 Qf5 31. Nd3 Qxf3 1/2-1/2

[Event "27. Torneo San Viator 2016 - Troneo B"]
[Site "Madrid ESP"]
[Date "2016.11.06"]
[Round "7.22"]
[White "Ghavami, Mahmoud"]
[Black "Lopez Herrero, Israel"]
[Result "1-0"]
[WhiteElo "1592"]
[BlackElo "1340"]
[PlyCount "107"]
[EventDate "2016.09.25"]
[EventType "swiss"]
[EventRounds "9"]
[EventCountry "ESP"]
[Source "lmi"]
[SourceDate "2016.09.25"]

1. d4 d5 2. Nf3 Nc6 3. Bf4 Bf5 4. c3 e6 5. e3 Nf6 6. h3 Bd6 7. Ne5 Bxe5 8. Bxe5
Nxe5 9. dxe5 Ne4 10. Be2 f6 11. exf6 Qxf6 12. O-O Qg6 13. Bh5 Qxh5 14. Qxh5+ g6
15. Qe2 Nc5 16. Rd1 O-O-O 17. a4 Kb8 18. b4 Nd7 19. g4 Be4 20. f3 Bxb1 21.
Raxb1 Rhf8 22. f4 e5 23. Rxd5 exf4 24. exf4 Rde8 25. Qxe8+ Rxe8 26. Rxd7 a6 27.
Kf2 Rf8 28. Kg3 h5 29. Re1 Rh8 30. Ree7 h4+ 31. Kf3 Rc8 32. a5 Rf8 33. Rxc7 Rd8
34. Rxb7+ Ka8 35. Rbd7 Rf8 36. Ke4 Kb8 37. Kd5 Kc8 38. Ke5 Kb8 39. Rh7 Re8+ 40.
Rde7 Rd8 41. Rxh4 Rc8 42. Kf6 Rc6+ 43. Kf7 Rc8 44. Kxg6 Rd8 45. Kg7 Kc8 46. Rh8
Rxh8 47. Kxh8 Kd8 48. Rg7 Ke8 49. f5 Kf8 50. f6 Ke8 51. Kg8 Kd8 52. Ra7 Ke8 53.
f7+ Kd8 54. f8=Q# 1-0

[Event "27. Torneo San Viator 2016 - Troneo B"]
[Site "Madrid ESP"]
[Date "2016.11.06"]
[Round "7.23"]
[White "Corral Sanchez, Jesus"]
[Black "Jimenez Sanchez, Juan Daniel"]
[Result "1-0"]
[WhiteElo "1581"]
[BlackElo "1339"]
[PlyCount "71"]
[EventDate "2016.09.25"]
[EventType "swiss"]
[EventRounds "9"]
[EventCountry "ESP"]
[Source "lmi"]
[SourceDate "2016.09.25"]

1. c4 Nf6 2. Nf3 e6 3. Nc3 Bb4 4. a3 Bxc3 5. bxc3 b6 6. g3 Ba6 7. d3 Nc6 8. Bg2
Rc8 9. O-O O-O 10. a4 Na5 11. Bg5 h6 12. Be3 c5 13. Rb1 Ng4 14. Bd2 Bb7 15. Qc2
e5 16. h3 Nf6 17. e4 Nc6 18. Nh4 Ne7 19. Ra1 g5 20. Nf5 Nxf5 21. exf5 Bxg2 22.
Kxg2 Qc7 23. Kg1 Kh7 24. g4 Qc6 25. Rae1 Rce8 26. f3 Qc7 27. Kg2 Rg8 28. Re2 d6
29. Rfe1 Qd7 30. Qd1 h5 31. Qc1 hxg4 32. hxg4 Kg7 33. Bxg5 Rh8 34. Rh1 Qc6 35.
Bh6+ Rxh6 36. Qxh6+ 1-0

[Event "27. Torneo San Viator 2016 - Troneo B"]
[Site "Madrid ESP"]
[Date "2016.11.06"]
[Round "7.24"]
[White "Krause Llorente, Paul"]
[Black "Tenorio Garcia, Joel"]
[Result "1-0"]
[WhiteElo "1510"]
[BlackElo "1338"]
[PlyCount "75"]
[EventDate "2016.09.25"]
[EventType "swiss"]
[EventRounds "9"]
[EventCountry "ESP"]
[Source "lmi"]
[SourceDate "2016.09.25"]

1. d4 Nf6 2. Nc3 d5 3. Bf4 g6 4. Nf3 Bg7 5. Nb5 Na6 6. e3 c6 7. Nc3 Qb6 8. Qc1
Bf5 9. a3 O-O 10. Be2 Rfd8 11. O-O c5 12. Na4 Qa5 13. Bxa6 Qxa4 14. Bd3 Bxd3
15. cxd3 Rac8 16. dxc5 b6 17. b4 bxc5 18. bxc5 Nd7 19. d4 Re8 20. Rd1 e5 21.
dxe5 Nxe5 22. Nxe5 Bxe5 23. Bxe5 Rxe5 24. Qc3 Rf5 25. Qb4 Qc6 26. Rac1 Rg5 27.
Qd4 h5 28. f3 Qa6 29. Qd3 Qa5 30. Qc3 Qa6 31. Kf2 Qc6 32. Rd4 Qc7 33. Kg1 Qd7
34. Qd2 Re5 35. e4 Qe7 36. Rxd5 Rxd5 37. Qxd5 Qg5 38. Qxg5 1-0

[Event "27. Torneo San Viator 2016 - Troneo B"]
[Site "Madrid ESP"]
[Date "2016.11.06"]
[Round "7.25"]
[White "Benitez Robles, Antonio"]
[Black "Berlana San Segundo, Miguel"]
[Result "1/2-1/2"]
[WhiteElo "1344"]
[BlackElo "1440"]
[PlyCount "74"]
[EventDate "2016.09.25"]
[EventType "swiss"]
[EventRounds "9"]
[EventCountry "ESP"]
[Source "lmi"]
[SourceDate "2016.09.25"]

1. b3 e5 2. Bb2 Nc6 3. Nf3 f6 4. d4 exd4 5. Nxd4 Nxd4 6. Bxd4 Bb4+ 7. Nd2 Ne7
8. c4 c5 9. Bb2 d5 10. e3 Be6 11. Be2 dxc4 12. bxc4 O-O 13. Qc2 Bxd2+ 14. Qxd2
Qxd2+ 15. Kxd2 Rfd8+ 16. Kc3 b6 17. Rhd1 Nc6 18. Bf3 Rxd1 19. Rxd1 Rc8 20. Rd6
Nd8 21. Bd5 Bxd5 22. Rxd5 Nf7 23. Rd7 Ra8 24. f4 Kf8 25. a4 Ke8 26. Rd5 Rd8 27.
e4 Rxd5 28. exd5 Kd7 29. g4 h6 30. h4 g5 31. hxg5 fxg5 32. Bc1 Kd6 33. Kd3 Ke7
34. Ke4 Nd6+ 35. Kd3 Kf6 36. Bb2+ Ke7 37. f5 Nf7 1/2-1/2

[Event "27. Torneo San Viator 2016 - Troneo B"]
[Site "Madrid ESP"]
[Date "2016.11.06"]
[Round "7.26"]
[White "Blasco Gallardo, Francisco"]
[Black "Periotto Miori, Lautaro"]
[Result "0-1"]
[WhiteElo "1438"]
[BlackElo "1237"]
[PlyCount "136"]
[EventDate "2016.09.25"]
[EventType "swiss"]
[EventRounds "9"]
[EventCountry "ESP"]
[Source "lmi"]
[SourceDate "2016.09.25"]

1. d4 d5 2. c3 Nf6 3. Bf4 e6 4. Nd2 c5 5. e3 Nc6 6. Ngf3 Bd6 7. Ne5 Ne7 8. Bb5+
Kf8 9. Ndf3 a6 10. Bd3 h6 11. g4 g5 12. Bg3 b5 13. h4 Ne4 14. hxg5 Nxg3 15.
fxg3 Qe8 16. Qb1 Kg7 17. gxh6+ Rxh6 18. Rxh6 Kxh6 19. Kd2 Ng6 20. Nxg6 fxg6 21.
Qh1+ Kg7 22. Ng5 Qg8 23. Rf1 Ra7 24. Qf3 Qf8 25. Qh1 Qg8 26. Rf3 Re7 27. Qf1
Qe8 28. Rf7+ Kg8 29. Rxe7 Qxe7 30. Qf6 Qg7 31. Qd8+ Qf8 32. Qxf8+ Kxf8 33. dxc5
Bxc5 34. Bxg6 Kg7 35. Be8 Kf6 36. Nf3 Bb7 37. g5+ Ke7 38. Bh5 Bd6 39. g4 e5 40.
g6 Kf6 41. g5+ Kg7 42. Nh4 Bc8 43. Bf3 e4 44. Bh5 Bh3 45. b3 Bg3 46. c4 bxc4
47. bxc4 dxc4 48. Be2 Bxh4 49. Bxc4 a5 50. Kc3 Kxg6 51. Kd4 Bg2 52. Bd5 Kf5 53.
g6 Bf6+ 54. Kc5 Kxg6 55. Kb5 Bc3 56. Kc4 Be1 57. Kd4 Kf5 58. Bc4 Bh4 59. Bd5
Bf6+ 60. Kc4 Kg4 61. Kb5 Bd8 62. Kc5 Kf3 63. Kd4 Bb6+ 64. Ke5 Kxe3 65. a4 Bd4+
66. Kd6 Bf1 67. Be6 Kf4 68. Kd5 Bc3 0-1